Case studies in economics
Tallennettuna:
| Päätekijä: | |
|---|---|
| Aineistotyyppi: | Kirja |
| Kieli: | Undetermined |
| Julkaistu: |
New York
Longman
1984
|
| Aiheet: | |
| Tagit: |
Lisää tagi
Ei tageja, Lisää ensimmäinen tagi!
|
| Thư viện lưu trữ: | Trung tâm Học liệu Trường Đại học Cần Thơ |
|---|
| LEADER | 00426nam a2200169Ia 4500 | ||
|---|---|---|---|
| 001 | CTU_78777 | ||
| 008 | 210402s9999 xx 000 0 und d | ||
| 082 | |a 330 | ||
| 082 | |b S217 | ||
| 100 | |a Sandford, Ceric | ||
| 245 | 0 | |a Case studies in economics | |
| 245 | 0 | |c Ceric Sandford | |
| 260 | |a New York | ||
| 260 | |b Longman | ||
| 260 | |c 1984 | ||
| 650 | |a Economics | ||
| 980 | |a Trung tâm Học liệu Trường Đại học Cần Thơ | ||